Dilema de las superpoblaciones : exclusión, hambre, urbanización, hiperconsumo e iniquidad /

Guardado en:
Autor Principal: Báez, Ana
Formato: Libro
Publicado: Buenos Aires : Longseller, 2003.
Series:Compendios.sociedad /economía ; 20.
Materias:
Etiquetas: Agregar Etiqueta
Sin Etiquetas, Sea el primero en etiquetar este registro!
LEADER 00996nam a22002415a 4500
001 CEM.cems011933
005 20070518211720.0
008 130507s2003##################000#0#####d
003 CEMS
020 |a 9875501271 
082 0 4 |a 301 
100 1 |a Báez, Ana 
245 1 0 |a Dilema de las superpoblaciones :  |b  exclusión, hambre, urbanización, hiperconsumo e iniquidad /  |c Ana Báez. 
260 |a Buenos Aires :  |b Longseller,  |c 2003. 
300 |a 96 p. 
490 0 |a Compendios.sociedad /economía ; 20. 
505 0 |a El dilema de la distribución en un mundo superpoblado -- Un mundo feliz -- Pesimistas I. Thomas R. Malthus -- Pesimistas II. Los neomalthusianos -- Distribucionistas I. Karl Marx -- Distribucionistas II. Josué de Castro -- Urbanización, consumo y migraciones, las variables del siglo XXI. 
653 |a Sociología 
653 |a Urbanización 
653 |a Hambre 
653 |a Migraciones 
653 |a Consumismo. 
859 |a CEMS  |b BIB. CEMS - 11 de abril  |h 301  |i B145  |p 22802.05  |t Ej.1